F1 - Tous les pilotes vainqueurs avec McLaren - Statistiques

Statistiques générales
  • Ce quiz a été pris 141 fois
  • Le résultat moyen est 15 sur 22
Statistiques - réponses
Années chez McLaren Nationalités Victoires Pilotes % Correct
1988-1993 Brésil 35 Ayrton Senna
98%
2019- Royaume-Uni 11 Lando Norris
97%
1980 ; 1984-1989 France 30 Alain Prost
96%
2007-2012 Royaume-Uni 21 Lewis Hamilton
96%
2023- Australie 9 Oscar Piastri
96%
2007 ; 2015-2018 Espagne 4 Fernando Alonso
90%
1993-2001 Finlande 20 Mika Häkkinen
89%
2002-2006 Finlande 9 Kimi Räikkönen
88%
2019-2022 Australie 1 Daniel Ricciardo
84%
2010-2017 Royaume-Uni 8 Jenson Button
84%
1982-1985 Autriche 8 Niki Lauda
80%
1996-2004 Royaume-Uni 12 David Coulthard
65%
1974-1975 Brésil 5 Emerson Fittipaldi
65%
2005-2006 Colombie 3 Juan Pablo Montoya
65%
1976-1978 Royaume-Uni 9 James Hunt
61%
1966-1970 Nouvelle-Zélande 1 Bruce McLaren
53%
1990-1992 Autriche 3 Gerhard Berger
51%
2008-2009 Finlande 1 Heikki Kovalainen
45%
1968-1974 Nouvelle-Zélande 6 Denny Hulme
44%
1974-1977 Allemagne 1 Jochen Mass
33%
1979-1985 Royaume-Uni 4 John Watson
32%
1972-1973 Etats-Unis 2 Peter Revson
18%
Aucun quiz correspondant
Distribution des résultats
% des personnes avec chaque résultat
Percentile par nombre de réponses
Votre historique - résultats
Vous n’avez pas pris ce quiz